[Event "Olympiad-36"]
[Site "Mallorca"]
[Date "2004.10.18"]
[Round "4"]
[White "Cekro, Ekrem"]
[Black "Rodriguez Vila, Andres"]
[Result "0-1"]
[WhiteElo "2433"]
[BlackElo "2533"]
[Annotator "Ribli,Z"]
[PlyCount "54"]
[EventDate "2004.10.15"]
[EventType "team-swiss"]
[EventRounds "14"]
[EventCountry "ESP"]
[SourceTitle "CBM 104"]
[Source "ChessBase"]
[SourceDate "2005.01.27"]
[SourceVersion "1"]
[SourceVersionDate "2005.01.27"]
[SourceQuality "1"]
[WhiteTeam "Belgium"]
[BlackTeam "Uruguay"]
[WhiteTeamCountry "BEL"]
[BlackTeamCountry "URU"]

1. c4 e5 2. g3 Nc6 3. Bg2 g6 4. Nc3 Bg7 5. Rb1 {Weiß bestimmt noch nicht die
Entwicklung des Königflügels, er bereitet sofortigen Raumgewinn mit b2-b4 am
Damenflügel vor.} f5 6. d3 (6. b4 e4 7. Bb2 Nf6 $13) 6... d6 7. e3 (7. b4 Nf6
8. b5 Ne7 9. Qb3 O-O 10. e3 Kh8 11. Nge2 g5 12. f4 gxf4 13. exf4 Ng6 14. O-O a6
15. a4 axb5 16. axb5 Qe7 17. Kh1 h5 $13 {0-1 Goldin,A-Jussupow,A/Tilburg 1992/
CBM 32 (43)}) 7... Be6 8. Nge2 Qd7 9. b4 {Wir haben eine Stellung, die mich an
die Geschlossene Variante der Sizilianische Verteidigung erinnert - mit
vertauschten Farben.} e4 $146 {[%cal Gg7c3][%mdl 4] Interessante und ganz
logische Idee - Schwarz öffnet selbst die Stellung und die Diagonale des
g7-Läufers und bereitet 10...Ne5 vor.} (9... Nf6 10. Nd5 O-O 11. O-O Nd8 12. b5
c6 (12... Nh5 13. Qa4 h6 14. f4 Kh7 15. Qa5 {1-0 Espineira Gonzalez,
P-Rodriguez Gonzalez,I/Mondariz 2003/CBM 95 ext (44)}) 13. bxc6 bxc6 14. Nxf6+
Bxf6 15. Qa4 Rc8 16. Bd2 g5 17. f4 {1-0 Eljanov,V-Potashnikov,S/Yalta 1996/EXT
98 (34)}) 10. Nd5 (10. dxe4 Bxc4 11. exf5 Qxf5 12. Bb2 (12. e4 Qf7 $13) 12...
Nf6 13. O-O O-O $11) (10. O-O exd3 11. Qxd3 Ne5 (11... Nf6 12. Nd5 Ne5 13. Qc2
c6 $11) 12. Qd1 $13 (12. Qc2 $6 Bxc4 {[%cal Rc4d3,Rd3b1]})) 10... Ne5 11. Nef4
Bf7 $15 {Schwarz hat mehrere Drohungen - nach 12...g5 hängt der f4N und der
d3P. und die schwarze Hauptdrohung ist 12...c6.} 12. dxe4 c6 (12... fxe4 $5 13.
Bxe4 c6 14. Nc3 Bxc4 $17) 13. exf5 {Weiß kompliziert das Spiel und opfert eine
Figur und bekommt im Folgenden drei Bauern. Aber im Falle der "normalen"
Alternative sind die schwarzen Chancen besser.} (13. Nc3 Bxc4 14. exf5 Qxf5 $15
) 13... cxd5 14. fxg6 (14. Ne6 Bxe6 (14... Bf6 15. cxd5 gxf5 $17) 15. fxe6 Qxe6
16. Bxd5 Qf5 $17) 14... hxg6 15. cxd5 g5 $17 (15... Nf6 $17) 16. Ne6 Bxe6 17.
dxe6 Qb5 $1 {[%csl Gb5,Re1][%cal Re5d3,Rd3e1,Gb5f1]} (17... Qxe6 18. Bxb7 Rd8
$17) 18. Rb3 (18. Qe2 a6 $17) 18... Rc8 {Weiß hat drei Bauern für die Figur,
aber das schwarze Figurenspiel ist viel besser und der weiße König steht
schlecht in der Mitte.} (18... g4 $17) 19. Bb2 g4 20. Bxe5 (20. h3 $142 $5 gxh3
21. Rxh3 Rxh3 22. Bxh3 Nf6 23. Bf1 $132) 20... Bxe5 21. Qxg4 Ne7 {Weiß hat
schon vier Bauern für die Figur, aber alles ist verteidigt in der schwarzen
Stellung und er droht jetzt 22...Rc1+, oder 22...Bc3+.} 22. f4 Rc1+ (22... Rc2
23. fxe5 Rc1+ 24. Kd2 Rxh1 25. Bxh1 Rxh2+ $19) 23. Kf2 Rc2+ 24. Kg1 {[#]} Bxf4
$1 $19 {[%csl Rg1][%mdl 64] Mit diesem schönen Zug gewinnt Schwarz die Partie.}
25. Bf1 (25. exf4 Qb6+ $19 {[%cal Rb6g1]}) (25. gxf4 Rg8 $19 {[%cal Rg8g1]}) (
25. Qxf4 Rf8 $19) 25... Qd5 (25... Rc1 26. Qxf4 Rf8 $18) 26. Rd3 (26. exf4 Qd4+
$19) (26. gxf4 Rg8 $19) (26. Qxf4 Rf8 $19) 26... Bh6 (26... Bg5 27. Rxd5 Bxe3#)
27. h4 Rf8 0-1

[Event "EU-ch 2nd"]
[Site "Ohrid"]
[Date "2001.06.09"]
[Round "8"]
[White "Delchev, Aleksander"]
[Black "De Vreugt, Dennis"]
[Result "1-0"]
[WhiteElo "2584"]
[BlackElo "2460"]
[Annotator "Ribli,Z"]
[PlyCount "115"]
[EventDate "2001.06.01"]
[EventType "swiss"]
[EventRounds "13"]
[EventCountry "YUG"]
[SourceTitle "CBM 084"]
[Source "ChessBase"]
[SourceDate "2001.09.13"]
[SourceVersion "1"]
[SourceVersionDate "2001.09.13"]
[SourceQuality "1"]

1. c4 e5 2. g3 Nc6 3. Bg2 g6 4. Nc3 Bg7 5. e3 (5. Rb1) 5... d6 6. Nge2 Be6 7.
d4 $1 {Weiß braucht den Pc4 nicht zu verteidigen, das ist ein bekanntes Motiv.
Wenn Schwarz den Pc4 schlägt, gewinnt Weiß das Material zurück und erreicht am
Ende positionellen Vorteil.} exd4 (7... Bxc4 8. d5 Bxe2 (8... Nb8 9. Qa4+ b5
10. Nxb5 Bxb5 11. Qxb5+ $16) 9. Qxe2 Nb8 10. Qb5+ Nd7 11. Qxb7 $14 Rb8 12. Qa6)
8. Nxd4 Bd7 9. O-O Nge7 10. Nde2 $5 {Weiß umgeht den möglichen Abtausch im
Zentrum. Aufgrund seines Raumvorteils besitzt er leichten aber dauerhaften
Vorteil.} (10. b3 O-O 11. Bb2 Qc8 (11... Nxd4 12. exd4 c6 13. Qd2 Nf5 14. d5 c5
15. Rfe1 Qa5 {1/2-1/2 Krasenkow,M-Gdanski,J/Sopot 1997/CBM 59 (15)}) 12. Re1
Bh3 13. Bh1 Ne5 14. Nd5 Nxd5 15. cxd5 Qd7 16. Rc1 Rac8 17. Qd2 {1/2-1/2 Ruck,
R-Nguyen Anh Dung/Szeged 1994/TD (48)}) (10. Nce2 O-O 11. b3 Qc8 12. Bb2 Bh3
13. Qd2 Bxg2 14. Kxg2 Ne5 15. Nf4 {1-0 Potomak,V-Zatloukal,P/CZE 1999/EXT 2000
(40)}) 10... O-O 11. b3 (11. Rb1 Rb8 12. b3 a6 13. a4 Na7 14. e4 b5 15. Be3
Nec8 16. c5 {1-0 Roos,L-Sebag,M/France 2000/EXT 2001 (33)}) 11... Qc8 {Schwarz
möchte die weißfeldrigen Läufer abtauschen.} 12. Bb2 {Weiß darf mit der
Eröffnung zufrieden sein. Seine beiden Läufer stehen gut auf den großen
Diagonalen.} (12. Re1 {Mit diesem Zug kann Weiß das Spiel verkomplizieren und
den Abtausch der weißfeldrigen Läufer abwenden.} Bh3 13. Bh1 $14) 12... Bh3 13.
Bxh3 (13. Rb1 Bxg2 14. Kxg2 Re8 15. Re1 Qd7 16. h3 Rad8 17. Nd5 Bxb2 18. Rxb2
Kg7 19. Nef4 {1-0 Letelier Martner,R-Emma,J/Mar del Plata 1959/MCL (71)}) 13...
Qxh3 14. Nf4 $14 {[%csl Yd5][%cal Gf4d5][%mdl 4] Der Springer strebt das
Schlüsselfeld d5 an.} Qd7 15. Qe2 {[%cal Gf1d1,Gd1d7,Ga1d1] Weiß verfügt über
Raumvorteil und das bessere Figurenspiel. In Stellungen dieses Typs ist das
Feld d5 immer ein positionelles Loch in der schwarzen Stellung. Der Textzug
bereitet den Turmzug Rad1 oder Rfd1 vor.} Ne5 (15... f5 $14) 16. Rad1 Rae8 17.
Ba1 {Ein nützlicher Wartezug - es ist nicht leicht für Schwarz, hier einen
Spielplan finden.} (17. c5 $2 Qc6 {[%cal Gc6h1]} 18. Nfd5 Nxd5 19. Nxd5 Qxc5
20. f4 $15) (17. f3 f5) 17... Qc6 $6 {Dieser Zug gefällt mir nicht - die Dame
steht nicht so gut auf c6.} (17... f5 $5) 18. Nfd5 Qd7 (18... f5 19. Nxe7+ Rxe7
20. Nd5 $14 {[%csl Gd5]}) 19. Nxe7+ Rxe7 20. c5 $1 {Dieser Zug ist stark -
Weiß verschafft sich die bessere Bauernstruktur.} Re6 (20... Qc6 21. Nd5 $16)
21. Nd5 {[%cal Gd5f4]} (21. cxd6 Rxd6 (21... cxd6 $16) 22. Nb5 $14) 21... f5
22. Nf4 Ree8 23. cxd6 cxd6 {[%csl Rd6] Der Pd6 ist eine Schwäche, zumal Weiß
das Schlüsselfeld d5 kontrolliert.} 24. Bxe5 Bxe5 25. Rd2 g5 $5 {Schwarz
strebt Gegenspiel am Königsflügel an.} (25... Bxf4 26. Qc4+ $16 {[%cal Gc4g8,
Gc4f4]}) 26. Nd3 (26. Nd5 $5 $14) 26... f4 (26... Bg7 $5 $14) 27. Qh5 Qg7 (
27... fxe3 $1 28. Qxg5+ Qg7 29. Qxg7+ (29. Qxe3 $4 Bd4 $19 {[%csl Re3]}) 29...
Bxg7 30. fxe3 Rxf1+ 31. Kxf1 Rxe3 32. Nf4 Be5 $11 (32... Bh6 $2 33. Rxd6 Bxf4
34. Rd8+ Kf7 35. gxf4 Rf3+ 36. Kg2 Rxf4 37. Rd7+ Kg6 38. Rxb7 $16)) 28. exf4
gxf4 29. Re1 (29. Nxe5 Rxe5 30. Qd1 $14) 29... Re6 (29... fxg3 30. hxg3 Qf7 31.
Qxf7+ Rxf7 32. Re4 $14) 30. Nxe5 (30. Re4 $14) 30... Rxe5 (30... dxe5 31. Red1
$14) 31. Qd1 (31. Rxe5 Qxe5 (31... dxe5 $6 32. Re2 e4 33. Qd5+ Rf7 34. Qxe4
Qa1+ 35. Re1 (35. Kg2 $4 f3+ $19) 35... Qxa2 36. Qe8+ Rf8 37. Qe6+ $16) 32.
Qxe5 dxe5 33. Rd5 $14) 31... Qg6 $6 (31... Rxe1+ 32. Qxe1 $14) 32. Rxe5 dxe5 {
Endlich ist Schwarz seinen schwachen Pd6 los. Aufgrund der Kontrolle über die
d-Linie behält Weiß jedoch die besseren Chancen.} 33. Rd6 (33. Rd7 $1 $16 {
[%csl Gd7][%cal Rd1d5,Rd5g8,Rd7a7]}) 33... Qf5 {[%cal Gf8f2]} 34. g4 $5 {
Weiß neutralisiert das schwarze Spiel auf der f-Linie.} Qe4 35. f3 Qe3+ 36. Kg2
{Die schwarze Dame steht nur scheinbar aktiv auf e3, Weiß kann anschließend
Rd3 ziehen. Nun ist der schwarze Pe5 der Angriffspunkt für Weiß.} Rf7 37. Rd3
Qb6 38. Qe2 Re7 39. Qe4 {[%csl Gd3,Ge4][%cal Gd3d8] Es droht zwar nichts
Konkretes, aber die weißen Figuren stehen aktiv.} Kg7 40. Rd5 Qf6 (40... Qe6
$14) 41. Qd3 Qg6 (41... e4 $2 42. fxe4 Qb2+ 43. Kh3 $16) 42. Qc3 Qe6 (42... Qf6
$14) 43. Rc5 Qd6 44. Kf2 Kf6 45. Rc4 Rd7 $4 {[%mdl 8192] Weiß übt zwar
positionellen Druck aus, aber deswegen muss Schwarz seinen Pf4 nicht gleich
gratis hergeben.} (45... Kg6 $14) 46. Rxf4+ Ke6 47. Re4 $16 {[%cal Rf3f4] Weiß
hat einen Mehrbauern und gute Gewinnchancen.} Rc7 (47... Qd2+ 48. Qxd2 Rxd2+
49. Re2 Rd4 50. Ke3 $16) 48. Qe3 Rc2+ 49. Kg3 Rxa2 {Schwarz hat zwar das
materielle Gleichgewicht wiederhergestellt, aber Weiß kann sofort wieder einen
Bauern gewinnen und - das ist noch wichtiger - einen siegreichen Angriff
einleiten.} 50. Qh6+ Kd5 51. Qxh7 Kc6 52. Qf5 {[%csl Re5][%cal Rf5c8]} Ra5 53.
Qc8+ Kb6 (53... Qc7 54. Rc4+ $18) 54. Qc3 Rb5 $6 (54... Rc5 55. Qe3 Kc6 56. b4
Rb5 57. Rc4+ Kd7 58. Qe4 $16) 55. Qe3+ Kc7 56. Qxa7 Rxb3 57. Qa5+ $18 {[%cal
Ra5c7,Ra5e5]} Kb8 58. Qxe5 {Mit diesem Zug gewinnt Weiß einen zweiten Bauern -
die schwarze Stellung ist hoffnungslos.} 1-0

[Event "Biel"]
[Site "Biel"]
[Date "1995.??.??"]
[Round "12"]
[White "Brunner, Lucas"]
[Black "Hodgson, Julian M"]
[Result "1-0"]
[WhiteElo "2530"]
[BlackElo "2590"]
[Annotator "Ribli,Z"]
[PlyCount "77"]
[EventDate "1995.07.??"]
[EventType "tourn"]
[EventRounds "13"]
[EventCountry "SUI"]
[EventCategory "15"]
[SourceTitle "CBM 049"]
[Source "ChessBase"]
[SourceDate "1995.12.01"]
[SourceVersion "1"]
[SourceVersionDate "1995.12.01"]
[SourceQuality "1"]

1. c4 e5 2. g3 Nf6 3. Bg2 Nc6 4. Nc3 Bc5 5. e3 d5 (5... O-O 6. Nge2 d5 7. Nxd5
Nxd5 8. cxd5 Nb4 9. O-O (9. d4 exd4 10. exd4 Bb6 11. Qb3 $16 {Taimanov}) 9...
Nxd5 10. Qc2 Qd6 11. a3 a5 12. Nc3 Nxc3 13. bxc3 Qe7 14. d4 $14 {Illescas
Cordoba,M-Fernandez Garcia,J/Barcelona/1990/CBM21/}) 6. Nxd5 Nxd5 7. cxd5 Nb4
8. d3 {Das ist offenbar eine Neuerung.} (8. Qb3 c6 {Adams-Pereira/corr/1965/}
9. d4 {+/- Bagirov} exd4 10. exd4 Bf5 (10... Be7 11. dxc6 bxc6 12. Ne2 Ba6 13.
O-O O-O $13) 11. dxc5 Nc2+ 12. Kf1 Nxa1 13. Qxb7 O-O $13) 8... O-O 9. a3 (9. e4
f5 $40 {>< f2}) 9... Nxd5 10. Nf3 Re8 11. O-O Bb6 12. b3 (12. Bd2 $5 Bg4 13.
Rc1 $13) 12... Bg4 13. Bb2 Qd6 {Droht /\ einfach Rad8 und Bxe3 oder Nxe3 mit
gutem Spiel.} 14. h3 Bh5 15. g4 Bg6 16. Nh4 Rad8 17. Nxg6 Qxg6 18. Qe2 Nf6 19.
Bxb7 h5 (19... Qxd3 20. Qxd3 Rxd3 21. Bc6 Re6 22. Rfd1 $1 $14) (19... Rxd3 $5
20. Bc6 Re6 21. Rad1 Rxd1 22. Rxd1 h5 $40) 20. Be4 $1 Qg5 (20... Nxe4 21. dxe4
Qxe4 22. Rad1 $13) 21. Kh2 hxg4 22. Rg1 $1 {Weiss hat den schwarzen Angriff
mit seinem letzten Zuegen pariert und steht nicht mehr in Gefaehr.} Qh5 23. Rg3
$1 Re6 $6 {Immer noch zu optimistisch.} (23... gxh3 24. Qxh5 Nxh5 25. Rxh3 Nf6
$13) 24. Kg1 $1 Nxe4 25. dxe4 Red6 26. Bc3 Rd3 27. Rc1 Qh7 28. Qxg4 $16 f6 29.
Kh2 Kh8 30. Bb4 {Droht /\ Rc6} c5 (30... Rxb3 31. Be7 Re8 32. Rd1 $18) 31. Bxc5
Bxc5 32. Rxc5 g5 (32... Rxb3 33. Rc7 Rg8 34. Rxa7 $18) 33. Rc6 Qf7 34. Qf5 Kg7
35. Kg2 (35. Rxg5+ $5 fxg5 36. Qxg5+ Kf8 37. Rf6 $18) 35... R3d6 (35... Rxb3
36. Rxg5+ fxg5 37. Qxg5+ Kf8 38. Qxd8+ $18) 36. Rxd6 Rxd6 37. h4 Qg6 38. hxg5
Qxf5 39. exf5 {Ribli} 1-0

[Event "Toronto1"]
[Site "Toronto"]
[Date "1990.??.??"]
[Round "5"]
[White "Vranesic, Zvonko"]
[Black "Piasetski, Leon David"]
[Result "1-0"]
[WhiteElo "2335"]
[BlackElo "2415"]
[Annotator "Ribli,Z"]
[PlyCount "93"]
[EventDate "1990.04.??"]
[EventType "tourn"]
[EventRounds "11"]
[EventCountry "CAN"]
[EventCategory "9"]
[SourceTitle "CBM 020"]
[Source "ChessBase"]
[SourceDate "1991.02.01"]
[SourceVersion "1"]
[SourceVersionDate "1991.02.01"]
[SourceQuality "1"]

1. c4 g6 2. Nc3 Bg7 3. g3 d6 4. Bg2 e5 5. e3 Nc6 6. Nge2 Be6 $6 (6... h5 7. h3
Be6 8. Nd5 (8. d4 $5) 8... h4 9. g4 f5 {Paneque,P-Hernandez,Gi Cali zt 1990
CBM/19}) 7. d4 Bxc4 8. d5 Bxe2 9. Qxe2 Nce7 10. Qb5+ Kf8 11. Qxb7 Nf6 12. e4 a6
13. b3 Nd7 14. Qb4 h5 15. h4 Bh6 16. Bxh6+ Rxh6 17. Rc1 $1 {>< c7} Ng8 18. Na4
Ndf6 19. Rc6 Ne8 20. Qa5 Qb8 21. Rxa6 Rxa6 22. Qxa6 Qb4+ 23. Ke2 Qa3 24. Ra1 g5
25. hxg5 Rg6 26. Qc4 Rxg5 27. Qc1 Qxc1 28. Rxc1 h4 29. Bf3 hxg3 30. Rg1 Rg7 31.
Rxg3 Rh7 32. Nc3 Ne7 33. Rg1 c6 34. Rh1 Rxh1 35. Bxh1 cxd5 36. Nxd5 Nxd5 37.
exd5 Ke7 38. Kd3 Kd7 39. Kc4 Kc7 40. Bf3 Nf6 41. a4 Nd7 42. a5 f5 43. b4 e4 44.
Be2 f4 45. Kd4 f3 46. Bc4 Ne5 47. Ba6 1-0

[Event "Buenos Aires Najdorf"]
[Site "Buenos Aires"]
[Date "1995.??.??"]
[Round "5"]
[White "Giardelli, Sergio Carlos"]
[Black "San Segundo Carrillo, Pablo"]
[Result "1-0"]
[WhiteElo "2445"]
[BlackElo "2520"]
[Annotator "Ribli,Z"]
[PlyCount "85"]
[EventDate "1995.07.??"]
[EventType "tourn"]
[EventRounds "11"]
[EventCountry "ARG"]
[EventCategory "11"]
[SourceTitle "CBM 049"]
[Source "ChessBase"]
[SourceDate "1995.12.01"]
[SourceVersion "1"]
[SourceVersionDate "1995.12.01"]
[SourceQuality "1"]

1. c4 e5 2. g3 Nc6 3. Bg2 g6 4. Nc3 Bg7 5. Rb1 Nf6 6. d3 (6. b4 O-O 7. e3 Ne7
8. Nge2 d5 9. cxd5 Nfxd5 10. O-O c6 11. Qc2 a5 12. bxa5 Qxa5 13. a4 Bg4 14. Ba3
$14 {Vaganian,R-Giorgadze,G/Tilburg/1994/CBM44/INF62,(20)/}) 6... O-O 7. b4 Ne7
8. Nf3 $5 (8. e4 d6 (8... c6 $5 {/\ d5}) 9. Nge2 Nh5 10. O-O f5 11. exf5 gxf5
12. Bg5 Nf6 13. d4 $14 {Tiviakov,S-Gleizerov,E/St.Petersburg zt/1993/CBM34/})
8... d5 9. cxd5 (9. Nxe5 $6 Ng4 10. f4 Nxe5 11. fxe5 dxc4 12. d4 f6 $13) 9...
Nfxd5 10. Nxd5 Nxd5 11. Qc2 a5 12. bxa5 Rxa5 13. O-O b6 14. Nd2 Ra7 15. Nc4 Be6
16. a3 {Weiss hat die folgende Idee: Bb2,Rd1,e4,d4.} e4 $2 {Beginn taktischer
Komplikationen, die fuer Schwarz unguenstig enden.} 17. Rb3 $1 {Eine "kleine"
Ueberraschung.} (17. dxe4 $5 Nc3 18. Rb3 Bxc4 19. Rxc3 Bxe2 20. Re1 Bxc3 21.
Qxc3 $44) 17... Nf6 (17... exd3 18. Rxd3 {Droht /\ e4} Qa8 19. Rfd1 b5 $8 (
19... Rd8 20. e4 $18) 20. Bxd5 (20. Ne3 c6 21. Nxd5 cxd5 22. Bxd5 Bxd5 23. Rxd5
$16) 20... Bxd5 21. Rxd5 bxc4 22. Qxc4 $16) 18. dxe4 {Schwarz hat einfach
einen Bauern weniger.} Qe8 19. Rb4 Nd7 20. Ne3 Nc5 21. Nd5 Bxd5 22. exd5 f5 {
Der Nachziehende will e4,f4,e5 verhindern.} 23. d6 $1 {Weiss zerstoert den
gegnerischen Damenfluegel.} cxd6 24. Rxb6 Qd8 25. Rc6 Re8 26. Rd1 Rd7 27. Bb2
Ne4 28. Bxg7 Kxg7 29. Bxe4 fxe4 (29... Rxe4 30. Rd5 $18) 30. Qc3+ Kg8 31. Qd4
Re6 (31... d5 32. Rc5 $18) 32. a4 $1 {Die einfachste Loesung.} Qf6 33. Qxf6
Rxf6 34. e3 Kf7 35. a5 Rf5 36. Ra1 Ke6 37. a6 Ra7 38. Ra4 Kd7 39. Rb6 Kc7 40.
Rab4 Ra5 41. Rb7+ Rxb7 42. axb7 Kb8 43. Rxe4 {Ribli} 1-0

[Event "Cali zt"]
[Site "Cali"]
[Date "1990.??.??"]
[Round "6"]
[White "Paneque, Pedro"]
[Black "Zapata, Alonso"]
[Result "0-1"]
[WhiteElo "2380"]
[BlackElo "2480"]
[Annotator "Ribli,Z"]
[PlyCount "64"]
[EventDate "1990.04.??"]
[EventType "tourn"]
[EventRounds "9"]
[EventCountry "COL"]
[EventCategory "7"]
[SourceTitle "CBM 019"]
[Source "ChessBase"]
[SourceDate "1990.12.01"]
[SourceVersion "1"]
[SourceVersionDate "1990.12.01"]
[SourceQuality "1"]

1. c4 e5 2. g3 g6 3. Bg2 Bg7 4. Nc3 Nc6 5. e3 f5 6. Nge2 Nf6 7. d4 e4 8. f3 (8.
Nf4 d6 9. h4 Qe7 10. h5 Qf7 11. Ncd5 Nxd5 12. cxd5 Nd8 {Georges,S-Gallagher,J
Zug 1989 CBM 16}) 8... exf3 9. Bxf3 O-O (9... d6 $2 10. b4 O-O 11. b5 Ne7 12.
a4 Kh8 13. a5 Rb8 {Ubilava,E-Lukin,A URS sf Daugavpils 1989 CBM 16}) 10. O-O d6
11. Rb1 a5 $1 12. a3 Ne7 13. b4 axb4 14. axb4 g5 15. b5 Kh8 16. Qb3 Rb8 17. Ra1
Be6 18. d5 Bf7 19. Bb2 Nd7 $1 20. Na4 Ne5 21. Bg2 c5 $1 22. Nac3 Bh5 23. Rad1
Nc8 $1 24. h3 Nb6 25. g4 fxg4 26. Ng3 Bg6 27. hxg4 Nbxc4 28. Bc1 Qd7 29. Bh3 h5
$1 30. Nf5 hxg4 31. Nxg7 Qxg7 32. Bg2 Qh7 {Ribli} 0-1

[Event "Linares Anibal op 08th"]
[Site "Linares"]
[Date "2001.01.17"]
[Round "10"]
[White "Franco Ocampos, Zenon"]
[Black "Akopian, Vladimir Eduardovic"]
[Result "0-1"]
[WhiteElo "2482"]
[BlackElo "2656"]
[Annotator "Ribli,Z"]
[PlyCount "36"]
[EventDate "2001.01.08"]
[EventType "swiss"]
[EventRounds "11"]
[EventCountry "ESP"]
[SourceTitle "CBM 081"]
[Source "ChessBase"]
[SourceDate "2001.03.20"]
[SourceVersion "1"]
[SourceVersionDate "2001.03.20"]
[SourceQuality "1"]

1. c4 e5 2. g3 Nc6 3. Bg2 g6 4. Nc3 Bg7 5. e4 {Dieser Aufbau ist sehr populär
in letzter Zeit. Weiß möchte in der Folge Nge2 und d2-d3 spielen. Die
Schwächung des Feldes d4 ist gewöhnlich nicht tragisch für Weiß, weil er die
Kontrolle über das Feld d5 besitzt.} d6 6. Nge2 Nge7 (6... h5 7. h4 Nh6 (7...
Nf6 8. d3 Nd7 9. Be3 Nc5 10. d4 exd4 11. Nxd4 Ne5 12. Qe2 Ncd3+ 13. Kf1 c5 14.
Ndb5 a6 15. Na3 Nb4 16. Rd1 Qe7 {0-1 Taylor,M-Istratescu,A/Agios Kyrikos 2000/
EXT 2001 (33)}) (7... Bg4 8. f3 Be6 9. d3 (9. Nd5 Qd7 10. d3 Nd8 11. d4 Nc6 12.
Be3 f5 13. dxe5 dxe5 14. Bg5 {1-0 Miezis,N-Barua,D/Bali 2000/CBM 76 ext (37)})
9... Nh6 10. Bg5 f6 11. Be3 O-O 12. Qd2 Kh7 13. b3 a6 14. Rd1 f5 15. Nd5 Qd7
16. O-O Rae8 {1/2-1/2 Hort,V-Galliamova,A/Munich 2000/CBM 78/[Hecht] (64)}) 8.
d3 O-O 9. O-O Be6 10. Nd5 f5 11. Bg5 Qd7 12. Qd2 Kh7 13. Rac1 Rac8 14. b3 Rf7
15. f3 Rcf8 16. Rce1 a6 17. Ndc3 fxe4 18. dxe4 Bh3 19. Be3 b6 {0-1 Kunze,
H-Rotstein,A/Seefeld 2000/EXT 2001 (54)}) 7. O-O h5 {Schwarz rochiert nicht
sondern stellt Weiß vor die Wahl: Entweder 8.h3 oder 8.h4 zu ziehen, oder aber
gar nichts gegen 8...h4 zu unternehmen.} 8. h4 (8. h3 h4 9. g4 f5 $36) 8... Nd4
$11 {Schwarz hat eine starke Springerstellung auf d4.} (8... g5 9. hxg5 h4 10.
f4 hxg3 11. f5 Nxf5 12. exf5 Qxg5 13. Qe1 e4 14. Nxe4 Qh5 15. Nf6+ Bxf6 16.
Nxg3+ Kd8 17. Nxh5 Bd4+ 18. Rf2 Rxh5 19. Bxc6 bxc6 20. d3 Bxf2+ 21. Qxf2 {
1-0 Netolitzky,G-Pilz,D/Wattens 1999/EXT 2001 (26)}) 9. Nxd4 $6 {[%mdl 16384]
Dieser scheinbar natürliche Zug verschafft Schwarz starke Initiative. Weiß
sollte besser seine Entwicklung fortsetzen.} (9. d3) 9... exd4 10. Ne2 {[#]} g5
$1 $40 {Ein zeitweiliges Bauernopfer. Schwarz nutzt die Tatsache aus, dass
Weiß noch nicht d3 gespielt hat.} 11. hxg5 d3 $1 {Mit diesem Zug legt Schwarz
den ganzen weißen Damenflügel lahm.} (11... h4 12. d3 $13) 12. Nf4 h4 {[%mdl
128]} 13. Nh5 $2 (13. g4 Nc6 {[%cal Gc6d4,Gd4e2,Gd8g5]} 14. Nh3 Nd4 15. f4 Be6
$17 (15... c6) (15... Ne2+ 16. Kh2 Bxg4 17. Qb3 $13)) 13... Bd4 14. Nf6+ (14.
gxh4 Ng6 $17) 14... Kf8 15. gxh4 Ng6 $17 {Schwarz hat einen chancenreichen
Angriff am Königsflügel.Die weißen Figuren stehen passiv.} 16. h5 Nf4 {[%cal
Gf4e2,Ge2g1]} 17. Qf3 Ne2+ 18. Kh1 Bxf6 {Und Weiß gab in völlig hoffnungsloser
Stellung auf.} (18... Bxf6 19. gxf6 (19. Qxf6 Rxh5+ $19) 19... Qe8 $1 {[%cal
Re8e5,Re5h5] Die Schwarze Drohung ist 20...Qe5.} (19... Qxf6 20. Qxf6 Rxh5+ 21.
Bh3 Bxh3 22. Qf3 Rh7 $19 (22... Bg4+ 23. Kg2 Bxf3+ 24. Kxf3 Rh3+ 25. Kg4 Rh7
$17)) 20. Bh3 Bxh3 21. Qxh3 Qxe4+ 22. f3 Qf4 23. Re1 Rxh5 24. Qxh5 Ng3+ {
[%cal Rg3h5,Rg3h1]}) 0-1

[Event "Hastings 9495"]
[Site "Hastings"]
[Date "1994.??.??"]
[Round "8"]
[White "Sher, Miron Naumovich"]
[Black "Howell, James C"]
[Result "1/2-1/2"]
[WhiteElo "2520"]
[BlackElo "2505"]
[Annotator "Ribli,Z"]
[PlyCount "66"]
[EventDate "1994.12.??"]
[EventType "tourn"]
[EventRounds "9"]
[EventCountry "ENG"]
[EventCategory "9"]
[SourceTitle "CBM 045"]
[Source "ChessBase"]
[SourceDate "1995.04.01"]
[SourceVersion "1"]
[SourceVersionDate "1995.04.01"]
[SourceQuality "1"]

1. c4 e5 2. g3 Nc6 3. Bg2 g6 4. Nc3 Bg7 5. Rb1 f5 6. d3 d6 7. e3 Nf6 8. Nge2
O-O 9. O-O Be6 (9... a5 $6 10. b3 $1 g5 11. f4 gxf4 12. exf4 Ng4 13. h3 Nh6 14.
Be3 $14 {Winants,L-Nijboer,F/ Tilburg 1992}) 10. Nd5 (10. b4 a6 $5 (10... d5 $6
11. b5 Ne7 12. Ba3 Rf7 13. d4 $14 {Chernin,A-Plaskett,J/ Groningen 1979}) 11.
a4 d5 $13) 10... Bf7 (10... Qd7 11. b4 a6 (11... Rae8 $5 12. b5 Nd8 13. Qa4 a6
$13 {Chiburdanidze,M-Gallagher,J/ Biel 1990}) 12. a4 Rab8 13. b5 axb5 14. axb5
Ne7 15. Nxe7+ Qxe7 16. Ba3 e4 $6 17. Rc1 exd3 18. Qxd3 Nd7 19. Nf4 $14 {
Bauer,C-Lane,G/ Capelle 1994}) 11. e4 (11. Nec3 Nxd5 12. Nxd5 Rb8 13. b4 (13.
Bd2 $5) 13... b5 14. cxb5 Rxb5 15. Nc3 Rb6 16. Nd5 Rb5 $10 {Balster,S-Kishnev,
S/ Gelsenkirchen 1991}) 11... Nxd5 12. cxd5 Ne7 13. Be3 c6 14. dxc6 Nxc6 (14...
bxc6 15. Qa4 d5 16. Bc5 $14) 15. Qa4 Qd7 (15... Qa5 $6 16. Qxa5 Nxa5 17. Rfc1
$14) 16. Nc3 Be6 17. Nd5 Qf7 18. Rbc1 f4 $5 (18... Bxd5 19. exd5 Nd4 20. Bxd4
exd4 21. Rc2 $14) 19. gxf4 exf4 20. Nxf4 Bxa2 21. Nd5 Bxd5 22. exd5 Ne5 23. Qd1
(23. Qe4 Rae8 $36) 23... Qf5 24. Rc7 Nxd3 25. Rxb7 Nf4 (25... Bxb2 $2 26. Rb3
$18) (25... Nxb2 $2 26. Rxg7+ Kxg7 27. Bd4+ $18) 26. Qf3 $5 (26. Bxf4 Qxf4 $15)
26... Nxg2 27. Qxf5 Rxf5 28. Kxg2 Rf7 (28... Rxd5 $6 29. Rc1 $44) 29. Rxf7 Kxf7
30. Rc1 Bxb2 31. Rc7+ Kf6 32. Bxa7 h5 33. f4 g5 {Ribli} 1/2-1/2